Mademoiselle de Maupin II
Gardado en:
| Autor Principal: | |
|---|---|
| Formato: | Libro |
| Idioma: | Undetermined |
| Publicado: |
Alemania
G. Charpentier
1882
|
| Materias: | |
| Etiquetas: |
Engadir etiqueta
Sen Etiquetas, Sexa o primeiro en etiquetar este rexistro!
|
MARC
| LEADER | 00000nam a2200000Ia 4500 | ||
|---|---|---|---|
| 008 | 170316s9999 xx 000 0 und d | ||
| 040 | |a cru BVZT | ||
| 090 | |a 840 G-3m v.2 | ||
| 100 | |a Gautier, Théophile | ||
| 245 | |a Mademoiselle de Maupin II | ||
| 260 | |a Alemania | ||
| 260 | |b G. Charpentier | ||
| 260 | |c 1882 | ||
| 300 | |a 431páginas | ||
| 650 | |a LITERATURA FRANCESA | ||
| 999 | |c 7706 |d 7706 | ||
| 942 | |c 15 D |h 840 G-3m v.2 |2 z | ||
